000 00995nam a2200301 i 4500
001 bg
100 1 _aLEWANDOWSKI, Lesław
245 1 0 _aZarys dietetyki weterynaryjnej /
_cLesław Lewandowski, Mirosława Lewicka, Piotr Janowicz.
250 _aWyd. 3.
260 _aWrocław :
_bWydaw. AR,
_c2000.
300 _a124 s. :
_b1 il. ;
_c24 cm.
490 1 _aSkrypty Akademii Rolniczej we Wrocławiu,
_x0239-5762 ;
_vnr 454
504 _aBibliogr.
650 9 _aDietetyka weterynaryjna
655 _aPodręczniki akademickie
700 1 _aLEWICKA, Mirosława
700 1 _aJANOWICZ, Piotr
830 _aSkrypty Akademii Rolniczej we Wrocławiu,
_x0239-5762 ;
015 _aPB 7114/2000
020 _a8387866814
040 _cBPK
041 0 _apol
080 _a619:636.084/.087](075.8)
920 _a83-87866-81-4
942 _cKS
008 s pl f |000 0 pol
999 _c46174
_d46174
856 _uhttp://koha.tu.koszalin.pl/cgi-bin/koha/opac-detail.pl?biblionumber=46174
_yKatalog online BPK